Financial Accounting (Record no. 485793)

MARC details
000 -LEADER
fixed length control field 00661nam a2200229Ia 4500
008 - FIXED-LENGTH DATA ELEMENTS--GENERAL INFORMATION
fixed length control field 100315s9999 xx 000 0 und d
040 ## - CATALOGING SOURCE
Transcribing agency ENGLISH 
082 ## - DEWEY DECIMAL CLASSIFICATION NUMBER
Item number 11059 
Classification number 657.48 
100 ## - MAIN ENTRY--PERSONAL NAME
Personal name "MURTHY, GURUPRASAD "
245 ## - TITLE STATEMENT
Title Financial Accounting
260 ## - PUBLICATION, DISTRIBUTION, ETC. (IMPRINT)
Place of publication, distribution, etc MUMBAI 
Name of publisher, distributor, etc HIMALAYA  
Date of publication, distribution, etc 2009 
300 ## - PHYSICAL DESCRIPTION
Extent 487 
365 ## - TRADE PRICE
Price note Rupees 
Unit of pricing
Price amount 375.00 
366 ## - TRADE AVAILABILITY INFORMATION
Publishers' discount category
505 ## - FORMATTED CONTENTS NOTE
Miscellaneous information Vaibhav Gaikwad 
530 ## - ADDITIONAL PHYSICAL FORM AVAILABLE NOTE
Availability source Donated By Dr. Guruprasad Murthy  
620 ## -
-- "Financial Accounting, Book Keeping, Tax, Funds "
630 ## - SUBJECT ADDED ENTRY--UNIFORM TITLE
Uniform title Financial Accounting
650 ## - SUBJECT ADDED ENTRY--TOPICAL TERM
Topical term or geographic name as entry element FINANCIAL ACCOUNTING 
730 ## - ADDED ENTRY--UNIFORM TITLE
Uniform title Financial Accounting
942 ## - ADDED ENTRY ELEMENTS (KOHA)
Koha item type Book
Holdings
Withdrawn status Lost status Damaged status Not for loan Home library Current library Date acquired Cost, normal purchase price Total Checkouts Full call number Barcode Date last seen Price effective from Koha item type
        Dr. V. N. Bedekar Institute of Management Studies Library Dr. V. N. Bedekar Institute of Management Studies Library 08/06/2009 375.00   657.48 /MUR  11059  VPMBRIMS-11059  03/19/2010 03/19/2010 Book